[Event "30.Schlosspark-Open"]
[Site "Wiesbaden-Biebrich"]
[Date "2018.08.26"]
[Round "6.1"]
[White "Zachary, Matheo"]
[Black "Poetsch, Hagen"]
[Result "1/2-1/2"]
[WhiteElo "2264"]
[BlackElo "2513"]
[PlyCount "55"]
[EventDate "2018.??.??"]
[WhiteTeam "OSG Baden-Baden"]
[BlackTeam "SC Heusenstamm"]

1. e4 e6 2. d4 d5 3. Nd2 c5 4. exd5 Qxd5 5. Ngf3 cxd4 6. Bc4 Qd8 7. O-O Nc6 8.
Nb3 a6 9. Nbxd4 Nxd4 10. Qxd4 Qxd4 11. Nxd4 Nf6 12. Be2 e5 13. Nb3 Be6 14. Bf3
e4 15. Be2 Bd6 16. Be3 Rc8 17. c3 Ng4 18. Bxg4 Bxg4 19. h3 Bh5 20. g4 Bg6 21.
Rad1 Be7 22. Rd5 h5 23. g5 f6 24. Rfd1 O-O 25. Rd7 Rf7 26. Rxb7 fxg5 27. Rdd7
Bf6 28. Rxf7 1/2-1/2

[Event "30.Schlosspark-Open"]
[Site "Wiesbaden-Biebrich"]
[Date "2018.08.26"]
[Round "6.2"]
[White "Gutman, Lev"]
[Black "Muckle, Julius"]
[Result "1/2-1/2"]
[WhiteElo "2442"]
[BlackElo "2326"]
[PlyCount "61"]
[EventDate "2018.??.??"]
[WhiteTeam "SV Lingen"]
[BlackTeam "SK Ludwigshafen"]

1. Nf3 d5 2. g3 c6 3. Bg2 Nf6 4. O-O Bf5 5. d3 e6 6. c3 Nbd7 7. Qb3 Qb6 8. Be3
Bc5 9. Bxc5 Nxc5 10. Qa3 O-O 11. Nbd2 Rfe8 12. b4 Ncd7 13. Nb3 e5 14. c4 e4 15.
dxe4 Bxe4 16. c5 Qc7 17. Nbd4 Bxf3 18. exf3 Ne5 19. b5 Nc4 20. Qb4 a5 21. bxa6
Rxa6 22. Nf5 g6 23. Nd4 b5 24. cxb6 Qxb6 25. Qc3 Ra3 26. Nb3 Nd7 27. Rfe1 Rxe1+
28. Qxe1 Nc5 29. Nd4 Kg7 30. Qe7 Qb2 31. Nf5+ 1/2-1/2

[Event "30.Schlosspark-Open"]
[Site "Wiesbaden-Biebrich"]
[Date "2018.08.26"]
[Round "6.3"]
[White "Meinhardt, Maximilian"]
[Black "Koellner, Ruben Gideon"]
[Result "1/2-1/2"]
[WhiteElo "2391"]
[BlackElo "2253"]
[PlyCount "43"]
[EventDate "2018.??.??"]
[WhiteTeam "SC Viernheim"]
[BlackTeam "SG Bochum"]

1. e4 e5 2. Nf3 Nc6 3. Bc4 Bc5 4. c3 Nf6 5. d3 d6 6. Nbd2 O-O 7. O-O Bb6 8. Bb3
Ne7 9. Nc4 Ng6 10. h3 h6 11. Re1 Be6 12. d4 Bxc4 13. Bxc4 Re8 14. Qb3 Qd7 15.
a4 a5 16. Bb5 c6 17. Bf1 Ba7 18. dxe5 Nxe5 19. c4 Nxf3+ 20. Qxf3 Re6 21. Bd2
Qe7 22. Bd3 1/2-1/2

[Event "30.Schlosspark-Open"]
[Site "Wiesbaden-Biebrich"]
[Date "2018.08.26"]
[Round "6.4"]
[White "Ruppert, Wolfgang"]
[Black "Khenkin, Igor"]
[Result "0-1"]
[WhiteElo "2140"]
[BlackElo "2558"]
[PlyCount "54"]
[EventDate "2018.??.??"]
[WhiteTeam "SC Flörsheim"]
[BlackTeam "SC Heusenstamm"]

1. d4 d5 2. Bf4 Nf6 3. e3 e6 4. Nf3 Bd6 5. Ne5 O-O 6. Bd3 b6 7. c3 Bb7 8. Qf3
Ne4 9. Qh3 f5 10. f3 Ng5 11. Qh5 Nf7 12. g4 Bxe5 13. dxe5 Nd7 14. Bc2 Ndxe5 15.
gxf5 Qh4+ 16. Qxh4 Nxf3+ 17. Ke2 Nxh4 18. fxe6 Nd6 19. Rg1 Rae8 20. e7 Rxe7 21.
Bg5 Nf3 22. Bxe7 Nxg1+ 23. Ke1 Nf3+ 24. Ke2 Ba6+ 25. Kf2 Nd4+ 26. Bxf8 Nxc2 27.
Bxd6 cxd6 0-1

[Event "30.Schlosspark-Open"]
[Site "Wiesbaden-Biebrich"]
[Date "2018.08.26"]
[Round "6.5"]
[White "Milov, Leonid"]
[Black "Hermannsdoerfer, Frank"]
[Result "1-0"]
[WhiteElo "2469"]
[BlackElo "2157"]
[PlyCount "42"]
[EventDate "2018.??.??"]
[WhiteTeam "SC Noris-Tarrasch Nürnberg"]
[BlackTeam "SV Liebschwitz"]

1. e4 d6 2. d4 Nf6 3. Nc3 e5 4. dxe5 dxe5 5. Qxd8+ Kxd8 6. Bg5 Be7 7. Nf3 Nbd7
8. O-O-O Ne8 9. Be3 f6 10. h4 h5 11. Nd5 Bf8 12. Ng5 fxg5 13. Bxg5+ Nef6 14.
Nxf6 Be7 15. Nd5 Bxg5+ 16. hxg5 c6 17. Ne3 g6 18. Rd6 Rg8 19. Bc4 Rg7 20. Rhd1
Kc7 21. f3 b5 1-0

[Event "30.Schlosspark-Open"]
[Site "Wiesbaden-Biebrich"]
[Date "2018.08.26"]
[Round "6.6"]
[White "Chandler, Patrick"]
[Black "Carow, Johannes"]
[Result "0-1"]
[WhiteElo "2147"]
[BlackElo "2445"]
[PlyCount "56"]
[EventDate "2018.??.??"]
[WhiteTeam "SC Nied"]
[BlackTeam "SF Heidesheim"]

1. Nf3 c5 2. e4 Nc6 3. d4 cxd4 4. Nxd4 Qb6 5. Nb3 Nf6 6. Nc3 e6 7. Bd3 a6 8.
Qe2 Qc7 9. f4 d6 10. g4 h6 11. Rg1 b5 12. h4 h5 13. g5 Ng4 14. Bd2 Nb4 15. Nd1
d5 16. a3 Nxc2+ 17. Kf1 Nxa1 18. Nxa1 dxe4 19. Bxe4 Bb7 20. Nb3 Bxe4 21. Qxe4
Rc8 22. Ke2 Bd6 23. Nc3 O-O 24. Nc1 Qb6 25. Rg2 a5 26. Nd3 Bb8 27. b3 Rfd8 28.
Be1 Rd4 0-1

[Event "30.Schlosspark-Open"]
[Site "Wiesbaden-Biebrich"]
[Date "2018.08.26"]
[Round "6.7"]
[White "Inkiov, Ventzislav"]
[Black "Weber, Samuel"]
[Result "1-0"]
[WhiteElo "2425"]
[BlackElo "2133"]
[PlyCount "89"]
[EventDate "2018.??.??"]
[WhiteTeam "SK Ötigheim"]
[BlackTeam "SV Oberursel"]

1. e4 e5 2. Bc4 Nf6 3. d3 Nc6 4. Nc3 Bc5 5. f4 exf4 6. Bxf4 d6 7. Nf3 Bg4 8.
Na4 Qd7 9. Nxc5 dxc5 10. h3 Bxf3 11. Qxf3 Nd4 12. Qd1 b5 13. Bb3 O-O 14. O-O a5
15. c3 Nxb3 16. axb3 Rfd8 17. Bg5 Qxd3 18. Qe1 Re8 19. Bxf6 gxf6 20. Qf2 Qxe4
21. Qxc5 Re5 22. Qxc7 Rg5 23. Rf2 Kh8 24. Qxf7 Rg6 25. Qd7 Rag8 26. Qd2 Rg3 27.
Raf1 Rxh3 28. Qf4 Qxf4 29. Rxf4 b4 30. cxb4 Rxb3 31. bxa5 Rxb2 32. R4f2 Rxf2
33. Kxf2 Ra8 34. Ra1 Ra6 35. Ke3 Kg7 36. Kd4 f5 37. Kc5 Kh6 38. Kb5 Re6 39. a6
Re8 40. a7 Ra8 41. Kb6 Kg5 42. Kb7 Rg8 43. a8=Q Rxa8 44. Rxa8 Kf4 45. Ra3 1-0

[Event "30.Schlosspark-Open"]
[Site "Wiesbaden-Biebrich"]
[Date "2018.08.26"]
[Round "6.8"]
[White "Haag, Martin"]
[Black "Puschendorf, Steffen"]
[Result "1-0"]
[WhiteElo "2229"]
[BlackElo "2118"]
[PlyCount "49"]
[EventDate "2018.??.??"]
[WhiteTeam "SC Bonn Beuel"]
[BlackTeam "ESV Gera"]

1. c4 e6 2. g3 d5 3. Bg2 Nf6 4. Nf3 Be7 5. O-O O-O 6. b3 c5 7. e3 Nc6 8. Bb2 b6
9. Nc3 Bb7 10. cxd5 exd5 11. d4 Re8 12. Rc1 Ba6 13. Re1 c4 14. Ne5 Na5 15. e4
dxe4 16. Nxe4 Nxe4 17. Bxe4 Rc8 18. bxc4 Nxc4 19. Bxh7+ Kxh7 20. Qh5+ Kg8 21.
Qxf7+ Kh7 22. Nxc4 Bb4 23. d5 Bxe1 24. Rxe1 Qg5 25. Re5 1-0

[Event "30.Schlosspark-Open"]
[Site "Wiesbaden-Biebrich"]
[Date "2018.08.26"]
[Round "6.9"]
[White "Henrich, Thomas"]
[Black "Held, Carsten"]
[Result "1/2-1/2"]
[WhiteElo "2193"]
[BlackElo "2070"]
[PlyCount "62"]
[EventDate "2018.??.??"]
[WhiteTeam "SK Marburg"]
[BlackTeam "SC Ladja Roßdorf"]

1. d4 Nf6 2. c4 c5 3. d5 b5 4. cxb5 a6 5. bxa6 g6 6. Nc3 Bxa6 7. Nf3 d6 8. e4
Bxf1 9. Kxf1 Nbd7 10. g3 Bg7 11. Kg2 O-O 12. a4 Qb6 13. Qe2 Qb7 14. Bd2 Rfb8
15. Nb5 Ne8 16. Bc3 Nc7 17. Nxc7 Qxc7 18. Bxg7 Kxg7 19. Rhb1 Rb4 20. b3 c4 21.
Qc2 Qc5 22. Qc3+ Kg8 23. Nd2 cxb3 24. Rxb3 Rbxa4 25. Rxa4 Rxa4 26. Qb2 Qd4 27.
f3 Nc5 28. Rb8+ Kg7 29. g4 Qxb2 30. Rxb2 Nd3 31. Rb3 Nc5 1/2-1/2

[Event "30.Schlosspark-Open"]
[Site "Wiesbaden-Biebrich"]
[Date "2018.08.26"]
[Round "6.10"]
[White "Koellner, Christof"]
[Black "Stork, Oliver"]
[Result "1/2-1/2"]
[WhiteElo "2111"]
[BlackElo "2175"]
[PlyCount "57"]
[EventDate "2018.??.??"]
[WhiteTeam "SV Bergneustadt/Derschlag"]
[BlackTeam "SV Oberursel"]

1. d4 d5 2. Bf4 c5 3. e3 Nc6 4. c3 Nf6 5. Nd2 cxd4 6. exd4 Bf5 7. Ngf3 e6 8. h3
Bd6 9. Bxd6 Qxd6 10. Bb5 O-O 11. O-O h6 12. Qe2 a6 13. Bxc6 Qxc6 14. Ne5 Qd6
15. Rfc1 Rfc8 16. Nb3 Qe7 17. Qe3 Ne4 18. Re1 Nd6 19. Nd2 b5 20. Nd3 Bxd3 21.
Qxd3 a5 22. a4 Rab8 23. axb5 Rxb5 24. b3 Qc7 25. Rec1 Rb6 26. Rxa5 Rc6 27. Ra6
Rxa6 28. Qxa6 Nf5 29. Qd3 1/2-1/2

[Event "30.Schlosspark-Open"]
[Site "Wiesbaden-Biebrich"]
[Date "2018.08.26"]
[Round "6.11"]
[White "Neukirchner, Pascal"]
[Black "Eveleens, Wim"]
[Result "1-0"]
[WhiteElo "2303"]
[BlackElo "1997"]
[PlyCount "61"]
[EventDate "2018.??.??"]
[WhiteTeam "SK Gründau"]
[BlackTeam "Sandport"]

1. d4 e6 2. c4 f5 3. g3 Nf6 4. Bg2 d5 5. Nf3 c6 6. O-O Bd6 7. b3 Qe7 8. Bb2 O-O
9. Qc1 b6 10. Ba3 Bxa3 11. Qxa3 Qxa3 12. Nxa3 Nbd7 13. Rfc1 Bb7 14. Ne5 Nxe5
15. dxe5 Nd7 16. f4 Rac8 17. b4 Rfd8 18. cxd5 exd5 19. Nc2 Nf8 20. Nd4 g6 21.
Rc2 c5 22. Nb5 Ba8 23. Nxa7 Rc7 24. Nb5 Rcc8 25. Nd6 Rc7 26. Rd1 Ne6 27. Bxd5
Bxd5 28. Rxd5 cxb4 29. Rxc7 Nxc7 30. Rd4 Na6 31. Nxf5 1-0

[Event "30.Schlosspark-Open"]
[Site "Wiesbaden-Biebrich"]
[Date "2018.08.26"]
[Round "6.12"]
[White "Hoppe, Thilo"]
[Black "Dietze, Frank"]
[Result "1-0"]
[WhiteElo "2083"]
[BlackElo "2203"]
[PlyCount "63"]
[EventDate "2018.??.??"]
[WhiteTeam "SC Bonn Beuel"]
[BlackTeam "vereinslos"]

1. d4 Nf6 2. c4 c5 3. d5 e6 4. Nc3 exd5 5. cxd5 d6 6. e4 g6 7. Nf3 Bg7 8. h3
O-O 9. Bd3 b5 10. Nxb5 Nxe4 11. Bxe4 Re8 12. Ng5 Qa5+ 13. Nc3 Ba6 14. Bd2 Nd7
15. Qc2 h6 16. Nxf7 Kxf7 17. O-O-O Nf8 18. Rde1 Rab8 19. Bf3 Red8 20. Bg4 Bc8
21. Re2 Bxg4 22. hxg4 Rd7 23. Bxh6 Bxh6+ 24. Rxh6 Rdb7 25. Qd3 Qb4 26. Ne4 Kg7
27. g5 Re7 28. Rh1 Rbe8 29. Qh3 Qc4+ 30. Rc2 Qd4 31. Qh8+ Kf7 32. Nxd6# 1-0

[Event "30.Schlosspark-Open"]
[Site "Wiesbaden-Biebrich"]
[Date "2018.08.26"]
[Round "6.13"]
[White "Dzierzenga, Stefan"]
[Black "Artola Pola, Gerardo"]
[Result "1-0"]
[WhiteElo "2196"]
[BlackElo "1927"]
[PlyCount "79"]
[EventDate "2018.??.??"]
[WhiteTeam "SC Bonn Beuel"]
[BlackTeam "Frankfurter TV"]

1. e4 d6 2. d4 Nf6 3. Nc3 g6 4. Be3 a6 5. f3 b5 6. h4 Bb7 7. Qd2 Nbd7 8. Nge2
Nb6 9. Ng3 h6 10. Be2 e6 11. a3 Bg7 12. h5 g5 13. f4 gxf4 14. Bxf4 Qe7 15.
O-O-O O-O-O 16. Be3 c5 17. Qe1 b4 18. Nb1 a5 19. Qf2 Nxe4 20. Nxe4 Bxe4 21.
dxc5 Na4 22. Bd4 Qg5+ 23. Nd2 dxc5 24. Qxf7 Rd7 25. Qxe6 Bxd4 26. Bb5 Bxb2+ 27.
Kb1 Nc3+ 28. Kxb2 Nxb5 29. Nxe4 Qg7+ 30. Nf6 bxa3+ 31. Ka1 Rhd8 32. Rxd7 Rxd7
33. Rd1 Nd4 34. Qxd7+ Qxd7 35. Nxd7 Nxc2+ 36. Kb1 Ne3 37. Rd3 Nxg2 38. Nf6 Kc7
39. Rg3 Nf4 40. Rg6 1-0

[Event "30.Schlosspark-Open"]
[Site "Wiesbaden-Biebrich"]
[Date "2018.08.26"]
[Round "6.14"]
[White "Gries, Volker"]
[Black "Jahnel, Guenther"]
[Result "0-1"]
[WhiteElo "2071"]
[BlackElo "2195"]
[PlyCount "74"]
[EventDate "2018.??.??"]
[WhiteTeam "SV Oberursel"]
[BlackTeam "FVS ASP Hoyerswerda"]

1. e4 d6 2. d4 Nf6 3. Nc3 g6 4. Be3 c6 5. h3 Bg7 6. f4 O-O 7. Nf3 Nbd7 8. e5
Nd5 9. Nxd5 cxd5 10. Qd2 Nb6 11. g4 f6 12. O-O-O Nc4 13. Bxc4 dxc4 14. exd6
Qxd6 15. Qe2 Qd5 16. Kb1 b5 17. Bc1 a5 18. Rhf1 Ra7 19. Rde1 b4 20. c3 Rb7 21.
Ka1 Bd7 22. Nd2 bxc3 23. bxc3 Rfb8 24. Ba3 f5 25. Qxc4 Qxc4 26. Nxc4 fxg4 27.
hxg4 Bb5 28. Ne5 Bxf1 29. Rxf1 Rc8 30. Rf3 Bxe5 31. fxe5 Rf8 32. Rxf8+ Kxf8 33.
d5 h5 34. gxh5 gxh5 35. e6 h4 36. Bc1 Rb5 37. c4 Rc5 0-1

[Event "30.Schlosspark-Open"]
[Site "Wiesbaden-Biebrich"]
[Date "2018.08.26"]
[Round "6.15"]
[White "Marzahn, Heiko"]
[Black "Jansen, Dirk Norbert"]
[Result "0-1"]
[WhiteElo "2068"]
[BlackElo "2190"]
[PlyCount "44"]
[EventDate "2018.??.??"]
[WhiteTeam "Sfr. Erbach"]
[BlackTeam "SV Weidenau/Geisweid"]

1. e4 e6 2. d4 d5 3. Nc3 Nf6 4. e5 Nfd7 5. f4 c5 6. Nf3 Nc6 7. Be3 a6 8. Qd2
cxd4 9. Nxd4 Bc5 10. O-O-O O-O 11. Qf2 Qe7 12. Bd3 f6 13. exf6 Qxf6 14. Nxe6 d4
15. Nxf8 Kxf8 16. Bxh7 dxe3 17. Qg3 Bd4 18. Nd5 Qe6 19. Qg5 Nf6 20. Nxf6 Bxf6
21. Qc5+ Be7 22. Qd5 e2 0-1

[Event "30.Schlosspark-Open"]
[Site "Wiesbaden-Biebrich"]
[Date "2018.08.26"]
[Round "6.16"]
[White "Engel, Berthold"]
[Black "Lagaras, Stylianos"]
[Result "0-1"]
[WhiteElo "2146"]
[BlackElo "1934"]
[PlyCount "150"]
[EventDate "2018.??.??"]
[WhiteTeam "BG Buchen"]
[BlackTeam "vereinslos"]

1. c4 Nf6 2. g3 e6 3. Bg2 d5 4. cxd5 exd5 5. Nf3 g6 6. b3 Bg7 7. Bb2 O-O 8. O-O
c6 9. d3 a5 10. Qc2 Re8 11. Re1 Na6 12. Nbd2 Qb6 13. h3 Nb4 14. Qc1 Bf5 15. Bd4
Qc7 16. Qc3 Qd8 17. Nf1 c5 18. Be5 Nc6 19. g4 Nxe5 20. Nxe5 Nd7 21. d4 cxd4 22.
Qd2 Nxe5 23. gxf5 Nc6 24. Rac1 Qd6 25. fxg6 hxg6 26. a4 Rac8 27. Qd3 Re7 28.
Qb5 Rd8 29. Red1 Qb4 30. Bxd5 Qxb5 31. axb5 Nb4 32. Bc4 Na2 33. Rc2 Nb4 34.
Rcd2 Red7 35. Nh2 Bh6 36. Rb2 Bg7 37. Rbd2 Bh6 38. Rb2 d3 39. exd3 Nxd3 40. Ra2
b6 41. Ng4 Bg5 42. Rc2 Kg7 43. Rc3 Nc5 44. Rxd7 Rxd7 45. Ne5 Rd1+ 46. Kg2 f6
47. Nc6 Rd2 48. Kf3 f5 49. Be2 Bf6 50. Rxc5 bxc5 51. b6 Bd8 52. b7 Bc7 53. b8=Q
Bxb8 54. Nxb8 Rb2 55. Bc4 a4 56. bxa4 Rxb8 57. a5 Rb4 58. Be2 Ra4 59. a6 Kf6
60. Ke3 Ke5 61. f4+ Rxf4 62. Bb5 Rh4 63. Bc6 Rxh3+ 64. Bf3 f4+ 65. Kf2 Kd4 66.
a7 Rh8 67. a8=Q Rxa8 68. Bxa8 g5 69. Kf3 c4 70. Be4 g4+ 71. Kxf4 g3 72. Kf3 g2
73. Kxg2 Kxe4 74. Kf2 Kd3 75. Ke1 Kc2 0-1

[Event "30.Schlosspark-Open"]
[Site "Wiesbaden-Biebrich"]
[Date "2018.08.26"]
[Round "6.17"]
[White "Reitz, Philipp"]
[Black "Ernst, Michael"]
[Result "1/2-1/2"]
[WhiteElo "2037"]
[BlackElo "2145"]
[PlyCount "38"]
[EventDate "2018.??.??"]
[WhiteTeam "VfR-SC Koblenz"]
[BlackTeam "PÃ¶chlarn"]

1. e4 e5 2. Nf3 Nc6 3. d4 exd4 4. Nxd4 Nf6 5. Nxc6 bxc6 6. e5 Qe7 7. Qe2 Nd5 8.
c4 Ba6 9. Nd2 g6 10. Nf3 Bg7 11. Bg5 f6 12. exf6 Qxe2+ 13. Bxe2 Nxf6 14. O-O-O
O-O-O 15. Rhe1 Rde8 16. Bd3 Rxe1 17. Rxe1 Re8 18. Rxe8+ Nxe8 19. Be3 d5 1/2-1/2

[Event "30.Schlosspark-Open"]
[Site "Wiesbaden-Biebrich"]
[Date "2018.08.26"]
[Round "6.18"]
[White "Gundlach, Michael"]
[Black "Li, Maxim"]
[Result "1/2-1/2"]
[WhiteElo "2132"]
[BlackElo "1851"]
[PlyCount "64"]
[EventDate "2018.??.??"]
[WhiteTeam "SF Mainz"]
[BlackTeam "Wiesbadener SV"]

1. c4 e5 2. g3 Nc6 3. Bg2 f5 4. Nc3 Nf6 5. d3 Bb4 6. Bd2 O-O 7. a3 Bxc3 8. Bxc3
d6 9. Nf3 Qe8 10. b4 Qh5 11. b5 Ne7 12. Qd2 Ng6 13. Qg5 Qxg5 14. Nxg5 h6 15.
Nf3 e4 16. Nd4 exd3 17. exd3 Re8+ 18. Kd2 Kf7 19. a4 Rb8 20. a5 Bd7 21. a6 b6
22. Bc6 Ne7 23. Bxd7 Nxd7 24. Rhe1 Rbc8 25. Re2 Nf6 26. Rae1 Nfg8 27. Ne6 g6
28. Ng7 Red8 29. Ne6 Rd7 30. f3 c5 31. bxc6 Nxc6 32. Nf4 Ne5 1/2-1/2

[Event "30.Schlosspark-Open"]
[Site "Wiesbaden-Biebrich"]
[Date "2018.08.26"]
[Round "6.19"]
[White "Bauer, Claus"]
[Black "Krischak, Werner"]
[Result "1-0"]
[WhiteElo "2121"]
[BlackElo "1730"]
[PlyCount "83"]
[EventDate "2018.??.??"]
[WhiteTeam "SF Mainz"]
[BlackTeam "SK Marburg"]

1. d4 d5 2. Nf3 Nf6 3. e3 Bg4 4. c4 e6 5. Qb3 Qc8 6. Ne5 Bf5 7. Bd2 c6 8. Be2
Nbd7 9. Nxd7 Qxd7 10. O-O Be7 11. Bb4 O-O 12. Nd2 Rfe8 13. Bxe7 Qxe7 14. Rfd1
Qc7 15. Rac1 Rad8 16. h3 e5 17. dxe5 Rxe5 18. Nf3 Ree8 19. cxd5 c5 20. Qa3 b6
21. d6 Rxd6 22. Rxd6 Qxd6 23. Qxa7 Be4 24. Rd1 Qc6 25. Ng5 Bd5 26. Bf3 Bxf3 27.
Qxf7+ Kh8 28. Nxf3 b5 29. Nh4 Qc8 30. Rd6 Rf8 31. Qe7 Re8 32. Qa7 c4 33. Qd4
Rf8 34. a3 Qe8 35. Nf5 Qf7 36. e4 g6 37. Ng3 Kg8 38. e5 Ne8 39. Rd8 Qe6 40. Ne4
Ng7 41. Nf6+ Kf7 42. Qa7+ 1-0

[Event "30.Schlosspark-Open"]
[Site "Wiesbaden-Biebrich"]
[Date "2018.08.26"]
[Round "6.20"]
[White "Pauls, Wilhelm"]
[Black "Scheitz, Michael"]
[Result "1-0"]
[WhiteElo "1981"]
[BlackElo "2092"]
[PlyCount "69"]
[EventDate "2018.??.??"]
[WhiteTeam "SG Kaarst"]
[BlackTeam "Wiesbadener SV"]

1. e4 e5 2. Nf3 Nf6 3. Nc3 Nc6 4. Bb5 Bb4 5. O-O Bxc3 6. dxc3 O-O 7. Bg5 d6 8.
Nd2 h6 9. Bh4 Qe7 10. f3 Nd8 11. Re1 Ne6 12. Bf1 g5 13. Bf2 Nh5 14. Nc4 Nhf4
15. g3 Ng6 16. Qd2 Ng7 17. Ne3 f5 18. Bd3 f4 19. Nf5 Nxf5 20. exf5 fxg3 21.
fxg6 gxf2+ 22. Qxf2 Bf5 23. Qd4 Kg7 24. Bxf5 Rxf5 25. Qe4 Raf8 26. Qxb7 Rxf3
27. Rf1 e4 28. Qxa7 Qe6 29. Qd4+ Kxg6 30. Rxf3 Rxf3 31. Re1 d5 32. c4 c6 33.
cxd5 cxd5 34. c4 Rd3 35. Qxd3 1-0

[Event "30.Schlosspark-Open"]
[Site "Wiesbaden-Biebrich"]
[Date "2018.08.26"]
[Round "6.21"]
[White "Kolker, Vladislav"]
[Black "Euler, Gerd"]
[Result "0-1"]
[WhiteElo "1999"]
[BlackElo "2301"]
[PlyCount "22"]
[EventDate "2018.??.??"]
[WhiteTeam "SC Bad Nauheim"]
[BlackTeam "SSG Hungen-Lich"]

1. e4 c5 2. Nf3 d6 3. d4 cxd4 4. Nxd4 Nf6 5. Nc3 g6 6. Be3 Bg7 7. f3 O-O 8. Qd2
Nc6 9. O-O-O d5 10. Kb1 e5 11. exd5 Nxd4 0-1

[Event "30.Schlosspark-Open"]
[Site "Wiesbaden-Biebrich"]
[Date "2018.08.26"]
[Round "6.22"]
[White "Schultze, Joerg-Martin"]
[Black "Guelsen, Taylan"]
[Result "1-0"]
[WhiteElo "1998"]
[BlackElo "2207"]
[PlyCount "77"]
[EventDate "2018.??.??"]
[WhiteTeam "SF Anderssen Wetzlar"]
[BlackTeam "SG Niederkassel"]

1. d4 Nf6 2. c4 e6 3. Nc3 Bb4 4. Qc2 O-O 5. e4 d5 6. e5 Ne4 7. Bd3 f5 8. exf6
Qxf6 9. Nf3 c5 10. O-O cxd4 11. Nxe4 dxe4 12. Bxe4 h6 13. h4 Nc6 14. a3 Bd6 15.
Bd2 Ne5 16. Nxe5 Qxe5 17. g3 Qh5 18. Bg6 Qg4 19. Qe4 Qxe4 20. Bxe4 e5 21. Bb4
Rf6 22. Bd5+ Kh7 23. Bxd6 Rxd6 24. Rfe1 Be6 25. Be4+ Kg8 26. c5 Rdd8 27. Bxb7
Rab8 28. c6 Rd5 29. Ba6 Rc5 30. Rac1 Rxc1 31. Rxc1 Rb6 32. Bd3 Rxb2 33. Rc5 Rb3
34. Bb5 e4 35. c7 Bc8 36. Bc4+ Kf8 37. Bxb3 Ke7 38. Re5+ Kd6 39. Rxe4 1-0

[Event "30.Schlosspark-Open"]
[Site "Wiesbaden-Biebrich"]
[Date "2018.08.26"]
[Round "6.23"]
[White "Schmitt, Carsten"]
[Black "Nagel, Bernhard"]
[Result "0-1"]
[WhiteElo "1992"]
[BlackElo "2214"]
[PlyCount "88"]
[EventDate "2018.??.??"]
[WhiteTeam "SV Bergwinkel"]
[BlackTeam "KÃ¶lner SK Dr. Lasker"]

1. c4 e5 2. g3 Nf6 3. Bg2 Nc6 4. Nc3 Bc5 5. a3 a6 6. e3 d6 7. Nge2 Ba7 8. b4
Qe7 9. Nd5 Nxd5 10. cxd5 Nd8 11. Qc2 Bg4 12. Nc3 Rc8 13. h3 Bd7 14. O-O O-O 15.
Bb2 f6 16. f4 Nf7 17. Kh2 Nh6 18. f5 Qf7 19. g4 c5 20. Qd1 Qe7 21. Ne4 cxb4 22.
axb4 Bb5 23. Rf2 Nf7 24. h4 Bd3 25. g5 Bxe4 26. Bxe4 fxg5 27. Qh5 Qf6 28. Rg2
Qh6 29. Qxh6 gxh6 30. b5 Rc4 31. d3 Rc7 32. d4 exd4 33. exd4 Re8 34. Bc2 Rc4
35. bxa6 bxa6 36. hxg5 hxg5 37. Rxa6 Bxd4 38. Bxd4 Rxd4 39. f6 Rf4 40. Ra7 Rxf6
41. Ba4 Re5 42. Rb2 Kg7 43. Bc6 h5 44. Rbb7 g4 0-1

[Event "30.Schlosspark-Open"]
[Site "Wiesbaden-Biebrich"]
[Date "2018.08.26"]
[Round "6.24"]
[White "Tischendorf, Michael"]
[Black "Zimmer, Gerald"]
[Result "1-0"]
[WhiteElo "2177"]
[BlackElo "2001"]
[PlyCount "77"]
[EventDate "2018.??.??"]
[WhiteTeam "SV Hofheim"]
[BlackTeam "SC Bergen-Enkheim"]

1. d4 Nf6 2. Bf4 c5 3. d5 d6 4. Nc3 g6 5. e4 Bg7 6. h4 Qa5 7. Qd2 h5 8. f3 a6
9. O-O-O b5 10. Kb1 Nbd7 11. Nh3 Bb7 12. Ne2 b4 13. Nc1 Nb6 14. a3 Nxe4 15.
fxe4 Bxb2 16. Kxb2 Qxa3+ 17. Kb1 Na4 18. c4 Nc3+ 19. Kc2 Qa4+ 20. Kd3 Nxd1 21.
Ke2 Nc3+ 22. Kf3 Qd1+ 23. Qxd1 Nxd1 24. e5 e6 25. Kg3 exd5 26. exd6 Nc3 27. Nb3
Ne4+ 28. Kh2 O-O 29. Na5 Bc8 30. cxd5 Bd7 31. Nc6 f6 32. Bd3 Bxh3 33. Bxe4 f5
34. Bd3 Bg4 35. d7 a5 36. Bc4 Kh7 37. Re1 Kh8 38. Re7 a4 39. Be5+ 1-0

[Event "30.Schlosspark-Open"]
[Site "Wiesbaden-Biebrich"]
[Date "2018.08.26"]
[Round "6.25"]
[White "Kuehn, Matthias"]
[Black "Flach, Erich"]
[Result "1-0"]
[WhiteElo "1972"]
[BlackElo "2127"]
[PlyCount "47"]
[EventDate "2018.??.??"]
[WhiteTeam "SV HÃ¼rth-Berrenrath"]
[BlackTeam "SK Langen"]

1. e4 c5 2. Nc3 Nc6 3. f4 g6 4. Nf3 Bg7 5. d3 d6 6. h3 Nd4 7. g4 h5 8. g5 e6 9.
Bg2 Ne7 10. O-O b5 11. Nh4 Rb8 12. Ne2 b4 13. Ng3 f5 14. a3 Qc7 15. axb4 cxb4
16. Rf2 Bd7 17. Kh2 a5 18. Be3 a4 19. Rc1 a3 20. c3 Nb3 21. Qxb3 bxc3 22. Qxa3
cxb2 23. Rxc7 b1=Q 24. Qxd6 1-0

[Event "30.Schlosspark-Open"]
[Site "Wiesbaden-Biebrich"]
[Date "2018.08.26"]
[Round "6.26"]
[White "Koch, Markus"]
[Black "Kropp, Volker"]
[Result "1-0"]
[WhiteElo "2122"]
[BlackElo "1998"]
[PlyCount "59"]
[EventDate "2018.??.??"]
[WhiteTeam "SC Brett vorm Kopp"]
[BlackTeam "SV Mainz-Mombach"]

1. d4 Nf6 2. c4 c5 3. d5 b5 4. cxb5 a6 5. f3 d6 6. e4 g6 7. Na3 Bg7 8. Ne2 O-O
9. Nc3 axb5 10. Naxb5 Ba6 11. Be3 Nbd7 12. Be2 Qa5 13. O-O Rfb8 14. a4 Ne8 15.
Qd2 Nc7 16. Nxc7 Bxe2 17. Qxe2 Qxc7 18. Nb5 Qa5 19. Bd2 Qa6 20. Bc3 Bxc3 21.
bxc3 Qb6 22. c4 Ra5 23. f4 Rba8 24. e5 Rxa4 25. Rxa4 Rxa4 26. exd6 exd6 27.
Qe8+ Nf8 28. Nxd6 Ra7 29. Nc8 Qb8 30. Ne7+ 1-0

[Event "30.Schlosspark-Open"]
[Site "Wiesbaden-Biebrich"]
[Date "2018.08.26"]
[Round "6.27"]
[White "Bremer, Vincent"]
[Black "Pioch, Thomas"]
[Result "1/2-1/2"]
[WhiteElo "1968"]
[BlackElo "2110"]
[PlyCount "56"]
[EventDate "2018.??.??"]
[WhiteTeam "SC Lerchenberg/ZMO"]
[BlackTeam "SF Mainz"]

1. c4 e6 2. g3 d5 3. cxd5 exd5 4. Bg2 Nf6 5. d3 c6 6. Nf3 Bd6 7. O-O O-O 8. b3
Bg4 9. Bb2 Nbd7 10. Nbd2 Qe7 11. Re1 Ba3 12. Qc2 Bxb2 13. Qxb2 Rfe8 14. Rac1
Rad8 15. b4 Ne5 16. Nxe5 Qxe5 17. Qxe5 Rxe5 18. e3 Re7 19. Nf3 Bxf3 20. Bxf3 h5
21. h4 d4 22. e4 g6 23. Be2 Rc7 24. f4 Nd7 25. g4 hxg4 26. Bxg4 Nf6 27. Bf3 Kg7
28. Kf2 Rb8 1/2-1/2

[Event "30.Schlosspark-Open"]
[Site "Wiesbaden-Biebrich"]
[Date "2018.08.26"]
[Round "6.28"]
[White "Ahrends, Norbert"]
[Black "Matzat, Andre"]
[Result "0-1"]
[WhiteElo "1860"]
[BlackElo "2081"]
[PlyCount "34"]
[EventDate "2018.??.??"]
[WhiteTeam "SV GroÃŸ-Gerau"]
[BlackTeam "Oberhausener SV"]

1. d4 Nf6 2. c4 e6 3. Nc3 Bb4 4. Qc2 Nc6 5. Nf3 d6 6. a3 Bxc3+ 7. Qxc3 O-O 8.
Bg5 a5 9. e3 Re8 10. Rd1 Qe7 11. Qc2 e5 12. Be2 Bg4 13. O-O a4 14. Nxe5 Nxe5
15. dxe5 Bxe2 16. Qxe2 Qxe5 17. Bf4 Qxf4 0-1

[Event "30.Schlosspark-Open"]
[Site "Wiesbaden-Biebrich"]
[Date "2018.08.26"]
[Round "6.29"]
[White "Geltz, Noah"]
[Black "Gitsis, Christos"]
[Result "1-0"]
[WhiteElo "1931"]
[BlackElo "2013"]
[PlyCount "71"]
[EventDate "2018.??.??"]
[WhiteTeam "SF HN-Biberach"]
[BlackTeam "SF Mainz"]

1. d4 Nf6 2. c4 e6 3. Nc3 Bb4 4. Qc2 O-O 5. e3 d6 6. Bd3 Nc6 7. a3 Bxc3+ 8.
Qxc3 e5 9. Ne2 Re8 10. O-O e4 11. Bc2 Bf5 12. Ng3 Bg6 13. b4 d5 14. c5 h5 15.
f4 h4 16. Nh1 Ne7 17. Qe1 Nf5 18. Bd1 Qd7 19. a4 Bh5 20. Bxh5 Nxh5 21. Qe2 Nf6
22. Bd2 Nh6 23. Nf2 Kf8 24. b5 c6 25. Rfb1 a6 26. bxc6 Qxc6 27. Rb6 Qd7 28. Qd1
Re6 29. Rab1 Rb8 30. Rxe6 Qxe6 31. Rb6 Qc8 32. Qb3 Nd7 33. Rd6 Nf6 34. Ba5 Nd7
35. Qxd5 b6 36. Rc6 1-0